Kapitalizácia v produktoch životného poistenia

Základný zmysel poistenia spojeného so zhodnocovaním finančných prostriedkov. Poistné v produktoch kapitálového životného poistenia. Kapitalizácia v životnom poistení.

Salvato in:
Dettagli Bibliografici
Autore principale: Littvová, Zuzana
Natura: Capitolo di libro
Lingua:slovacco
Soggetti:
Tags: Aggiungi Tag
Nessun Tag, puoi essere il primo ad aggiungerne!!

MARC

LEADER 00000naa$a2200000$$$4500
001 0116117
005 20240611095422.3
041 0 |a slo 
044 |a SK 
245 1 0 |a Kapitalizácia v produktoch životného poistenia  |c Zuzana Littvová 
520 |a Základný zmysel poistenia spojeného so zhodnocovaním finančných prostriedkov. Poistné v produktoch kapitálového životného poistenia. Kapitalizácia v životnom poistení. 
610 2 0 |a kapitalizácia 
610 2 0 |a poistenie životné 
610 2 0 |a trh poistný 
610 2 0 |a riziko poistné 
610 2 0 |a miera úroková 
610 2 0 |a rezervy technické 
100 1 |a Littvová, Zuzana